Statistics for Hannover Best Scorer By Year

Click here to take the quiz!

General Stats

  • This quiz has been taken 81 times
  • The average score is 7 of 24

Answer Stats

Player% Correct
Didier Ya Konan
78%
Niclas Füllkrug
63%
Mame Biram Diouf
59%
Mike Hanke
56%
Hendrik Weydandt
52%
Mohammed Abdellaoue
50%
Lars Stindl
48%
Jiří Štajner
41%
Fredi Bobic
39%
Szabolcs Huszti
30%
Thomas Brdarić
30%
Arnold Bruggink
22%
Artur Sobiech
22%
Jupp Heynckes
22%
Daniel Stendel
19%
Hans Siemensmeyer
13%
Siegfried Reich
11%
Willi Reimann
6%
Jan Rosenthal
4%
Ferdinand Keller
2%
Fred Schaub
2%
Peter Hayduk
2%
Walter Rodekamp
2%
Josip Skoblar
0%

Score Distribution

Percentile by Number Answered

Percent of People with Each Score

Your Score History

You have not taken this quiz